000 00889nam a2200253Ia 4500
003 OSt
005 20220923211040.0
006 a|||||r|||| 00| 0
007 ta
008 Pun
020 _a817329156X (hbk)
_c300
024 _a282,867
037 _b868, 14/08/2014, H.K. Prakashan
_cTextual
040 _aARTS
_cARTS
_bPun
041 _2Pun
_aPun
082 _aO153,6x, Q4
100 _aਵਰਮਾ, ਸਤੀF ਕੁਮਾਰ, ਥਦ.
_9157607
245 0 _aਇਪਟਾ ਤੇ ਅਮਨ ਲਹਿਰ ਦੀ ਸੁਰੀਲੀ ਤਾਨ ਨਿਰੰਜਨ ਸਿੰਘ ਮਾਨ
260 _aਦਿੱਲੀ
_b Fਿਲਾਲੇਖ
_c2014
300 _a159ਪੰ
_ccm.
650 _aਪੰਜਾਬੀ ਸਾਹਿਤ
942 _hO153,6x, Q4
_cTEXL
_2CC
999 _c294498
_d294498